| 000 | 00572nam a2200205Ia 4500 | ||
|---|---|---|---|
| 005 | 20250326144719.0 | ||
| 008 | 250326s9999 xx 000 0 und d | ||
| 020 | _a0333-93719-8 | ||
| 037 | _aTextbook | ||
| 040 |
_aFMSL _beng _cFMSL |
||
| 041 |
_aeng _2eng |
||
| 084 |
_aX:51 P2 _qFMSL |
||
| 100 | _aRamaswamy V S | ||
| 245 | 0 |
_aMarketing management : planning, implementation & control _cRamaswamy V S; Namakumari S |
|
| 250 | _a3 | ||
| 260 |
_aDelhi _bDelhi, Macmillan _c2002 |
||
| 300 | _a748p | ||
| 942 |
_cTB _hX:51 P2 |
||
| 999 |
_c1304722 _d1304722 |
||